Statistics for Top 10 Guard Defenders in NBA History

Click here to take the quiz!

General Stats

  • This quiz has been taken 7 times
  • The average score is 5 of 10

Answer Stats

TeamsPlayer% Correct
SEA, MIL, LAL, BOS, MIAGary Payton
86%
SEA, PHO, BOSDennis Johnson
71%
CHI, WASMichael Jordan
71%
DAL, PHO, NJN, NYKJason Kidd
57%
DETJoe Dumars
43%
LALMichael Cooper
43%
BOS, MEM, NOPTony Allen
43%
SAS, MIL, DET, TORAlvin Robertson
29%
MIL, ATLSidney Moncrief
29%
NYK, CLEWalt Frazier
29%

Score Distribution

Percentile by Number Answered

Percent of People with Each Score

Your Score History

You have not taken this quiz